Media, democracy and European culture (Record no. 20817)
[ view plain ]
| 000 -LEADER | |
|---|---|
| fixed length control field | 01440nam a2200337 a 4500 |
| 245 00 - TITLE STATEMENT | |
| Title | Media, democracy and European culture |
| 260 ## - PUBLICATION, DISTRIBUTION, ETC. (IMPRINT) | |
| Place of publication | Bristol : |
| Name of publisher | Intellect, |
| Year of publication | 2008. |
| 300 ## - PHYSICAL DESCRIPTION | |
| Number of Pages | 360 p. |
| 505 0# - FORMATTED CONTENTS NOTE | |
| Formatted contents note | pt. 1. Media, power, democracy and the public sphere -- pt. 2. Journalism and the Europeanization of the public spheres -- pt. 3. Media, culture and democracy -- pt. 4. Media and communication policy in Europe. |
| 650 #0 - SUBJECT ADDED ENTRY--TOPICAL TERM | |
| Topical Term | Mass media |
| Topical Term | Democracy |
| Topical Term | Press and politics |
| 700 1# - ADDED ENTRY--PERSONAL NAME | |
| Personal name | Bondebjerg, Ib. |
| Personal name | Madsen, Peter. |
| 856 40 - ELECTRONIC LOCATION AND ACCESS | |
| Uniform Resource Identifier | http://site.ebrary.com/lib/rucke/Doc?id=10275515 |
No items available.
